[Event "Cappelle op 06th"]
[Site "Cappelle la Grande"]
[Date "1990.02.21"]
[Round "7"]
[White "Brassart, Matthieu"]
[Black "Petran, Peter"]
[Result "0-1"]
[WhiteElo "1960"]
[BlackElo "2385"]
[PlyCount "22"]
[EventDate "1990.02.18"]
[EventType "swiss"]
[EventRounds "9"]
[EventCountry "FRA"]
[SourceTitle "EXT 2004"]
[Source "ChessBase"]
[SourceDate "2003.11.25"]
[SourceVersion "1"]
[SourceVersionDate "2003.11.25"]
[SourceQuality "1"]

1. d4 g6 2. e4 Bg7 3. Nc3 d6 4. f4 a6 5. Nf3 b5 6. h3 Nd7 7. Be3 Bb7 8. Bd3 c5 9. 0-0 cxd4 10. Bxd4 Bxd4+ 11. Nxd4 Qb6 0-1